| 000 | 00738cam a2200229 a 4500 | ||
|---|---|---|---|
| 001 | 000003437 | ||
| 005 | 20200929150437.0 | ||
| 008 | 820324s1983 sp 000 f spa d | ||
| 020 | _a8427017316 | ||
| 040 |
_aDO-SdBNP _bspa _cBNPHU |
||
| 041 | 1 | 7 |
_aspa _heng |
| 082 |
_a813.54 _bS813una |
||
| 100 | 1 |
_aSteel, Danielle, _d1947- _910718 |
|
| 240 | 1 | 0 |
_aA perfect stranger. _lEspañol. |
| 245 | 1 | 0 |
_aUna perfecta desconocida / _cDanielle Steel ; traducción de Jordi Arbonés. |
| 260 |
_aBarcelona : _bMartínez Roca, _c1983. |
||
| 300 |
_a243 p. ; _c20 cm. |
||
| 534 |
_aTítulo original: _tA perfect stranger |
||
| 650 | 4 |
_aNovela estadounidense _9262 |
|
| 650 | 4 |
_aLiteratura estadounidense _9263 |
|
| 700 | 1 |
_aArbonés, Jordi, _etr. _910719 |
|
| 999 |
_c3267 _d3267 |
||